000 00767nam a2200229 a 4500
001 1242
003 BR-CuiBMT
005 20231205001558.0
008 231201s2012 mtb 000 0 por d
040 _aBR-CuiBMT
_cBR-CuiBMT
080 _22007
_a94
_x(817.2)
090 _a94(817.2)
_bM521a
100 1 _aMelgaço, Augusto Leverger,
_cBarão de,
_d1802-1880.
245 1 0 _aApontamentos para o dicionário corográfico da Província de Mato Grosso /
_cAugusto João Manuel Leverger.
260 _aCuiabá :
_bSEC-MT;
_bIntegrar;
_bDefanti,
_c2012.
300 _a202 p. ;
_c21 cm
490 1 _aColeção memórias históricas
650 _aHistória
_zMato Grosso
650 _aMemórias históricas
_zMato Grosso
830 0 _aMemórias históricas
942 _2udc
_cLV
999 _c1242
_d1242